Héroes y próceres dominicanos y americanos / (Registro nro. 13699)

Detalles MARC
000 -LEADER
fixed length control field 01238nam a2200325 a 4500
001 - CONTROL NUMBER
control field
003 - CONTROL NUMBER IDENTIFIER
control field DO-SdBNP
005 - DATE AND TIME OF LATEST TRANSACTION
control field 20210903134148.0
008 - FIXED-LENGTH DATA ELEMENTS--GENERAL INFORMATION
fixed length control field 090716s2017 dr 001 0 spa d
020 ## - INTERNATIONAL STANDARD BOOK NUMBER
International Standard Book Number 9789945005028
040 ## - CATALOGING SOURCE
Original cataloging agency DO-SdBNP
Language of cataloging spa
Transcribing agency BPMSU
082 ## - DEWEY DECIMAL CLASSIFICATION NUMBER
Classification number R923.2
Item number G984h 2017
Edition number 22
100 1# - MAIN ENTRY--PERSONAL NAME
Personal name Gutiérrez Félix, Euclides
245 10 - TITLE STATEMENT
Title Héroes y próceres dominicanos y americanos /
Statement of responsibility, etc. Euclides Gutiérrez Félix ; prólogo Alejandrina Germán.
250 ## - EDITION STATEMENT
Edition statement 5a ed rev. y act.
260 ## - PUBLICATION, DISTRIBUTION, ETC. (IMPRINT)
Place of publication, distribution, etc. Santo Domingo :
Name of publisher, distributor, etc. Secretaría de Estado de Educación, Bellas Artes y Cultos,
Date of publication, distribution, etc. 2017
300 ## - PHYSICAL DESCRIPTION
Extent 398 p. ;
Dimensions 23 cm.
500 ## - GENERAL NOTE
General note Incluye referencias bibliográficas y notas al pie de las páginas.
500 ## - GENERAL NOTE
General note Incluye datos biográficos del autor en la solapa de la cubierta
504 ## - BIBLIOGRAPHY, ETC. NOTE
Bibliography, etc Bibliografía : p. 379-388
590 ## - LOCAL NOTE (RLIN)
Local note Inventariado, 2021/VM
650 #4 - SUBJECT ADDED ENTRY--TOPICAL TERM
Topical term or geographic name as entry element Revolucionarios
Geographic subdivision República Dominicana
Form subdivision Biografías
650 #4 - SUBJECT ADDED ENTRY--TOPICAL TERM
Topical term or geographic name as entry element Héroes
Geographic subdivision República Dominicana
Form subdivision Biografías
650 #4 - SUBJECT ADDED ENTRY--TOPICAL TERM
Topical term or geographic name as entry element Jefes de Estado
Geographic subdivision República Dominicana
General subdivision Biografías
651 #4 - SUBJECT ADDED ENTRY--GEOGRAPHIC NAME
Geographic name República Dominicana
General subdivision Biografías
651 #4 - SUBJECT ADDED ENTRY--GEOGRAPHIC NAME
Geographic name América
Form subdivision Biografías
700 1# - ADDED ENTRY--PERSONAL NAME
Personal name Germán, Alejandrina,
Relator term pról.
910 ## - USER-OPTION DATA (OCLC)
User-option data VMateo V.
942 ## - ADDED ENTRY ELEMENTS (KOHA)
Source of classification or shelving scheme Dewey Decimal Classification
Koha item type Libros
Existencias
Withdrawn status Lost status Source of classification or shelving scheme Damaged status Not for loan Collection code Home library Current library Date acquired Source of acquisition Total Checkouts Full call number Barcode Date last seen Price effective from Koha item type Copy number
    Dewey Decimal Classification     Colección Dominicana Biblioteca Pública Metropolitana Salomé Ureña Biblioteca Pública Metropolitana Salomé Ureña 09/03/2021 BNPHU   BPMSU CD R923.2 G984h 2017 BPMSU21090049 09/03/2021 09/03/2021 Libros  
    Dewey Decimal Classification     Colección Dominicana Biblioteca Pública Metropolitana Salomé Ureña Biblioteca Pública Metropolitana Salomé Ureña 09/03/2021 BNPHU   BPMSU CD R923.2 G984h 2017 BPMSU21090050 09/03/2021 09/03/2021 Libros e.2